Datum a čas kvízu
20.5
Celkem bodů
Celkový počet nahraných bodů na tomto kvízu bez doplňovacích otázek.
13.
Pořadí na kvízu
Konečné umístění týmu na tomto kvízu.
Zaznamenané odpovědi
| # | Otázka | Odpověď | Body | Výsledky |
|---|---|---|---|---|
| 1. | Odborníci ze Západočeské unive... | sršeň (asijská) | 1 | |
| 2. | Který český ministr absolvoval... | Marek Výborný | 0 | |
| 3. | Minulý týden byly rozdány ceny... | David Koller, Pam Rabbit | 0.5 | |
| 4. | Minulý týden si žena na severu... | s bambulí (od čepice) | 1 | |
| 5. | Kterými slovy na KF se nazývá... | kolem Flander | 0 | |
| 6. | Věříme, že ovládáte velkou pal... | Řecko | 1 | |
| 7. | Kalaallit Nunaat, tak zní v mí... | Dánsko | 0 | |
| 8. | Vyberte zemi, jejíž zkratka ná... | A | 0 | |
| 9. | V Evropské unii žije momentáln... | 1B 2A 3C 4D | 1 | |
| 10. | Na snímku z letiště můžete spa... | Dublin | 0 |